MEX Direct Flights - Statistics

General Stats
  • This quiz has been taken 13 times
  • The average score is 68 of 99
Answers on the Map
Answers color-coded by a green-red scale on the quiz's map according to % correct below.
 
Answer Stats
Answer % Correct
Dulles/Washington D.C.
100%
Lima
100%
London
100%
Miami
100%
New York City
100%
San Francisco
100%
Santiago
100%
Seattle/Tacoma
100%
Vancouver
100%
Amsterdam/Schiphol
91%
Atlanta
91%
Austin
91%
Barcelona
91%
Bogotá
91%
Cancún
91%
Chicago
91%
Dallas/Fort Worth
91%
Denver
91%
Detroit
91%
Ezeiza/Buenos Aires
91%
Frankfurt
91%
Guarulhos/São Paulo
91%
Havana
91%
Houston
91%
Las Vegas
91%
Los Angeles
91%
Los Cabos
91%
Madrid
91%
Managua
91%
Medellín
91%
Mérida
91%
Minneapolis/St. Paul
91%
Montréal
91%
Munich
91%
Orlando
91%
Panama City
91%
Paris
91%
Phoenix
91%
Querétaro
91%
Quito
91%
Rome/Fiumicino
91%
Sacramento
91%
Salt Lake City
91%
San José
91%
Santo Domingo
91%
Tijuana
91%
Toronto
91%
Campeche
82%
Charlotte
82%
Ciudad Juárez
82%
Guatemala City
82%
Incheon/Seoul
82%
Narita/Tokyo
82%
San Antonio
82%
San Salvador
82%
Veracruz
82%
Acapulco
73%
Aguascalientes
73%
Guadalajara
73%
Newark
73%
Chihuahua
64%
Hermosillo
64%
Mexicali
64%
Monterrey
64%
Oaxaca
64%
Puerto Vallarta
64%
León/Bajío
55%
Oakland
55%
San Luis Potosí
55%
Chetumal
45%
Cozumel
45%
Culiacán
45%
Durango
45%
La Paz
45%
Matamoros
45%
Tampico
45%
Comayagua
36%
Los Mochis
36%
San Pedro Sula
36%
Torreón/Gómez Palacio
36%
Tuxtla Gutiérrez
36%
Villahermosa
36%
Zihuatanejo/Ixtapa
36%
Ciudad Obregón
27%
Mazatlán
27%
Morelia
27%
Nuevo Laredo
27%
Reynosa
27%
Tapachula
27%
Tepic
27%
Tulum
27%
Zacatecas
27%
Ciudad Victoria
18%
Colima
18%
Ciudad del Carmen
9%
Huatulco
9%
Manzanillo
9%
Minatitlán
9%
Puerto Escondido
9%
No matching quizzes found
Score Distribution
Percent of People with Each Score
Percentile by Number Answered
Your Score History
You have not taken this quiz